000 00615cam a22002053a 4500
001 41814
003 PGUSA
005 20140828083937.0
008 130110s2013||||xxu|||||s|||||000 | eng d
040 _aPGUSA
_beng
042 _adc
100 1 _aLebert, Marie
245 1 4 _aThe web, a multilingual encyclopedia
_h[electronic resource] /
_cMarie Lebert
260 _bProject Gutenberg,
_c2013
506 _aCopyrighted. Read the copyright notice inside this book for details.
516 _aElectronic text
830 0 _aProject Gutenberg
_v41814
856 4 0 _uhttp://www.gutenberg.org/ebooks/41814
942 _cEB
999 _c271066
_d271066